Advanced inorganic chemistry (Record no. 26816)

MARC details
000 -LEADER
fixed length control field 00341nam a2200133Ia 4500
082 ## - DEWEY DECIMAL CLASSIFICATION NUMBER
Classification number 546
Item number SAT
100 ## - MAIN ENTRY--AUTHOR NAME
Personal name Satyaprakash
245 #0 - TITLE STATEMENT
Title Advanced inorganic chemistry
250 ## - EDITION STATEMENT
Edition statement Ed.15
260 ## - PUBLICATION, DISTRIBUTION, ETC. (IMPRINT)
Place of publication Ramnagar
Name of publisher Shymlal Charitable Trust
Year of publication 1976
650 ## - SUBJECT ADDED ENTRY--TOPICAL TERM
Topical Term Inorganic chemistry
942 ## - ADDED ENTRY ELEMENTS (KOHA)
Koha item type Books
Holdings
Withdrawn status Lost status Damaged status Not for loan Home library Current library Date acquired Cost, normal purchase price Full call number Accession Number Koha item type
        RRII Library RRII Library 16/12/2021 20.00 546 SAT 07447 Books